|
|
|
|
| LEADER |
01330nam a22002777a 4500 |
| 001 |
34828 |
| 003 |
BD-DhAAL |
| 005 |
20250807145814.0 |
| 008 |
190728r20171989bg ||||| |||| 00| 1 ben d |
| 020 |
|
|
|a 9789848795828
|
| 040 |
|
|
|a BD-DhAAL
|d BD-DhAAL
|
| 041 |
|
|
|a ben
|
| 082 |
|
|
|a 891.44371
|2 23
|
| 100 |
|
|
|a আহমেদ, হুমায়ূন
|9 33208
|
| 245 |
|
|
|a নিষাদ /
|c হুমায়ূন আহমেদ.
|
| 246 |
|
|
|a Nisahad
|
| 260 |
|
|
|a ঢাকা :
|b অবসর প্রকাশনা সংস্থা,
|c ১৯৮৯ [দশম মুদ্রণ ২০১৭].
|
| 300 |
|
|
|a ৭১ পৃষ্ঠা ;
|c ২২ সে.মি.
|
| 526 |
|
|
|a Residential Campus
|
| 541 |
|
|
|a Development Book Agency
|e 34828, 34992
|
| 650 |
|
|
|a Bengali fiction
|z Bangladesh.
|9 33210
|
| 852 |
|
|
|a Savar Campus Library
|c General Stacks
|
| 942 |
|
|
|2 ddc
|c BK
|
| 999 |
|
|
|c 40913
|d 40913
|
| 952 |
|
|
|0 0
|1 0
|2 ddc
|4 0
|6 891_443710000000000_AHM
|7 0
|9 65675
|a BRACUL
|b BRACUL
|c GEN
|d 2019-07-17
|e Development Book Agency
|g 123.00
|l 21
|m 107
|o 891.44371 AHM
|p 3010034992
|q 2026-05-17
|r 2025-12-06
|s 2025-12-06
|t 2
|v 123.00
|w 2019-07-17
|y BK
|
| 952 |
|
|
|0 0
|1 0
|2 ddc
|4 0
|6 891_443710000000000_AHM
|7 0
|9 65845
|a SCL
|b SCL
|c GEN
|d 2019-07-24
|e Development Book Agency
|g 123.00
|l 24
|m 19
|o 891.44371 AHM
|p 3020034828
|r 2025-10-28
|s 2025-10-27
|t 1
|v 123.00
|w 2019-07-24
|y BK
|